All Incorporated Municipalities of Delaware County, New York - Statistics

General Stats
  • This quiz has been taken 3 times
  • The average score is 20 of 29
Answer Stats
Answer % Correct
Colchester
100%
Delhi
100%
Delhi
100%
Fleischmanns
100%
Hancock
100%
Hancock
100%
Middletown
100%
Sidney
100%
Sidney
100%
Walton
100%
Walton
100%
Andes
67%
Deposit
67%
Deposit
67%
Hamden
67%
Hobart
67%
Kortright
67%
Meredith
67%
Roxbury
67%
Stamford
67%
Stamford
67%
Bolvina
33%
Davenport
33%
Franklin
33%
Franklin
33%
Harpersfield
33%
Margaretville
33%
Masonville
33%
Tompkins
33%
No matching quizzes found
Score Distribution
Percent of People with Each Score
Percentile by Number Answered
Your Score History
You have not taken this quiz